=LDR 00000nam 2200000 4500 =001 NUTBA000000000006193 =005 20141125090306.0 =006 =007 =008 =020 ##$$a 978.602.7874.07-7 =035 ##$$a 0010-111400000000672 =040 ##$$a NBPDMAT =082 ##$$a 618.4 =090 ##$$a 618.4$bSul p =100 ##$$a Sulityo Andarmoyo =245 ##$$a Persalinan tanpa nyeri berlebihan$cSelistyo Andarmoyo; Seuharti; editor Rose Kusumaning Ratri =260 ##$$a Yogyakarta$bAr Ruzz Media$c2013 =300 ##$$a 120 hlm$bilus$c20 cm =500 ##$$a Bibliografi hlm : 109 =650 ##$$a Persalinan =700 ##$$a Suharti; Rose Kusumaning Ratri =850 ##$$a NBPDMAT